000 00530cam a22002051 4500
001 sa 64005138
003 DLC
005 20260227112030.0
008 931118s1964 ii 000 0 eng
010 _asa 64005138
035 _a(OCoLC)29345260
040 _aDLC
_cNcD
_dDLC
042 _apremarc
050 0 0 _aHC435
_b.K517
100 1 _aKhanna, Radha Krishna.
245 1 0 _aWhere ignorance is not bliss.
260 _a[Panipat,
_bKrishnapura House]
_c1964.
300 _a70 p.
_c22 cm.
651 0 _aIndia
_xEconomic policy.
999 _c58962
_d58962